000 00997cam a2200289 a 4500
001 8554
003 BD-RjUL
005 20211208234617.0
008 140118s1994 nyua b 001 0 eng
020 _a0387942335
035 _a(BD-RjUL)8599
040 _aDLC
_cDLC
_dDLC
_dBD-RjUL
_beng
041 _aeng
082 0 0 _a519.535
_220
_bFAM 1996
100 1 _aFahrmeir, L.
_926633
245 1 0 _aMultivariate statistical modelling based on generalized linear models /
_cLudwig Fahrmeir, Gerhard Tutz ; with contributions by Wolfgang Hennevogl.
260 _aNew York :
_bSpringer-Verlag,
_cc1994 [ 2nd. pri. 1996].
300 _axxiv, 425 p. :
_bill. ;
_c24 cm.
504 _aIncludes bibliographical references (p. 379-411) and indexes.
650 0 _aMultivariate analysis.
_926635
650 0 _aLinear models (Statistics)
_926636
700 1 _aTutz, Gerhard.
_926637
942 _2ddc
_cBK
999 _c8554
_d8554